000 00993nam0a22002411 4500
001 rc\4025392
005 20130415132239.6
035 _a(NLR Aleph) 007951183
090 _a8340061
_c8340061
100 _a20130415d1952 |||y0rusy50 ca
101 1 _arus
_cfre
102 _aRU
105 _aa z |||||
200 1 _aВыемка угля при отработке шахтного поля обратным ходом на шахте Момей
_e("Ревю де л'эндустри минераль", сент. 1951 № 572, с. 278-281)
_f[Пер. Г.Г. Суетин]
_gМ-во угольн. пром. СССР. Техн. упр. по эксплуатации. Бюро техн. информации
210 _aМосква
_cБ. и.
_d1952
215 _a8 с.
_cчерт.
_d29
300 _aОтпеч. на ротаторе
702 1 _aСуетин
_bГ. Г.
_4730
801 0 _aRU
_bNLR
_gpsbo
801 1 _aRU
_bELAR
_2rusmarc
852 _aNLR
_jТ26 Г-8/244
942 _cBOOK
980 _aNB